000 00874nam a2200241 a 4500
001 000015111
005 20250721105519.0
008 100201s2004 dr 000 0 spa d
040 _aDO-SdBNP
_bspa
_cBNPHU
082 _a320.85
_bH626o, 2004
100 1 _aHichez Tellería, Julio César,
_d1954-
_9923
245 1 0 _aOrientaciones municipales /
_cJulio César Hichez Tellería ; Presentación Catalina Calzado.
250 _a2a ed.
260 _aSanto Domingo :
_bM. J.,
_c2004.
300 _a235 p. ;
_c21 cm.
500 _aIncluye datos biográficos del autor en la solapa de la cubierta
504 _aIncluye bibliografías (p.234-235)
590 _aInventariado, 2018/ YL
650 4 _aMunicipios
_zRepública Dominicana
_917208
650 4 _aParticipación comunitaria
_9455
650 0 _aGobierno municipal
_917207
910 _aValidado. Control de calidad BNPHU
999 _c14683
_d14683